| 000 | 00599nam a2200229Ia 4500 | ||
|---|---|---|---|
| 008 | 170203s9999 xx 000 0 und d | ||
| 020 | _a0 785365508 | ||
| 050 | _a0 30 | ||
| 050 | _bC853 2002 | ||
| 245 | _aCounting : | ||
| 245 | _bmy first interactive storybook / | ||
| 260 | _aLincolnwood, Ill. : | ||
| 260 | _bPublications International | ||
| 260 | _c2002 | ||
| 300 | _a1 volume (unpaged) : | ||
| 300 | _bcolor illustrations ; | ||
| 300 | _c31 cm. | ||
| 300 | _e1 computer optical disc. | ||
| 440 | _aActive minds. | ||
| 650 | _aCounting -- | ||
| 650 | _xJuvenile literature. | ||
| 999 |
_c305561 _d305561 |
||